[Event "13. Open Club Ajedrez Villaverde"]
[Site "Madrid ESP"]
[Date "2010.07.02"]
[Round "5.22"]
[White "Cortijo Manso, Luis"]
[Black "Illan Gomez, Miguel"]
[Result "1/2-1/2"]
[WhiteElo "1586"]
[BlackElo "1798"]
[PlyCount "80"]
[EventDate "2010.06.28"]
[EventType "swiss"]
[EventRounds "9"]
[EventCountry "ESP"]
[Source "lmi"]
[SourceDate "2010.06.28"]

1. e4 e5 2. Nf3 Nc6 3. Bb5 a6 4. Ba4 Nf6 5. d3 h6 6. c3 d6 7. O-O Bd7 8. Re1
Be7 9. Nbd2 O-O 10. Nf1 Rb8 11. Ne3 b5 12. Bb3 Na5 13. Bc2 b4 14. cxb4 Nc6 15.
a3 Ng4 16. Nd5 Nf6 17. Nxe7+ Qxe7 18. Be3 Bg4 19. Qe2 Bxf3 20. Qxf3 Nd4 21.
Bxd4 exd4 22. Rab1 Rb6 23. Qf4 Nh5 24. Qd2 g5 25. Bd1 Nf4 26. Bg4 Qf6 27. g3
Ne6 28. Qe2 Qe5 29. Qf3 Kg7 30. Qf5 Kg8 31. Qxe5 dxe5 32. Rec1 Rc8 33. Rc2 c6
34. Rbc1 Kg7 35. Kg2 Kf6 36. Rh1 Rh8 37. Rhc1 Rc8 38. Rh1 Rc7 39. h4 Nd8 40.
hxg5+ hxg5 1/2-1/2

[Event "13. Open Club Ajedrez Villaverde"]
[Site "Madrid ESP"]
[Date "2010.07.02"]
[Round "5.24"]
[White "Montero Montero, Juan Jose"]
[Black "Alvarez Romero, Carlos"]
[Result "1-0"]
[WhiteElo "1745"]
[BlackElo "1780"]
[PlyCount "59"]
[EventDate "2010.06.28"]
[EventType "swiss"]
[EventRounds "9"]
[EventCountry "ESP"]
[Source "lmi"]
[SourceDate "2010.06.28"]

1. e4 c6 2. d4 d5 3. e5 Bf5 4. Nf3 e6 5. Bd3 Bxd3 6. Qxd3 Nd7 7. Nbd2 Qb6 8.
O-O c5 9. c3 O-O-O 10. b3 f6 11. a4 Qc7 12. Re1 Be7 13. exf6 Bxf6 14. Rxe6 g5
15. Nf1 g4 16. Ng5 Nf8 17. Rxf6 Nxf6 18. Qf5+ N6d7 19. Nf7 Ng6 20. Nxd8 Kxd8
21. Qxd5 cxd4 22. Qxd4 Re8 23. Be3 Qc6 24. c4 Nh4 25. Bg5+ Kc8 26. Bxh4 Ne5 27.
Bg3 Qf6 28. Bxe5 Rxe5 29. Rd1 Qe6 30. Qd8# 1-0

[Event "13. Open Club Ajedrez Villaverde"]
[Site "Madrid ESP"]
[Date "2010.07.02"]
[Round "5.25"]
[White "Martin Rodriguez, Jose L"]
[Black "Garcia-Ines Sanchez, Gustavo"]
[Result "0-1"]
[WhiteElo "1538"]
[BlackElo "1704"]
[PlyCount "68"]
[EventDate "2010.06.28"]
[EventType "swiss"]
[EventRounds "9"]
[EventCountry "ESP"]
[Source "lmi"]
[SourceDate "2010.06.28"]

1. e4 c5 2. Nf3 d6 3. d4 cxd4 4. Nxd4 g6 5. Nc3 a6 6. Bc4 Bg7 7. Be3 Nf6 8. f3
O-O 9. Qd2 Re8 10. g4 Nc6 11. O-O-O Na5 12. Bb3 Nxb3+ 13. cxb3 b5 14. h4 Qc7
15. Kb1 Bb7 16. Rc1 Qd7 17. h5 b4 18. Na4 Nxe4 19. fxe4 Bxe4+ 20. Ka1 Bxh1 21.
Nb6 Qxg4 22. Nxa8 Bxa8 23. Qxb4 e5 24. Nc2 Qxb4 25. Nxb4 a5 26. Na6 gxh5 27.
Bg5 f6 28. Bh4 Kf7 29. Rc7+ Kg6 30. Rd7 Bf8 31. Be1 Rc8 32. Bc3 h4 33. Rc7 Rxc7
34. Nxc7 h3 0-1

[Event "13. Open Club Ajedrez Villaverde"]
[Site "Madrid ESP"]
[Date "2010.07.02"]
[Round "5.26"]
[White "Garcia Alonso, David"]
[Black "Chinarro Casado, Jose Miguel"]
[Result "1-0"]
[WhiteElo "1468"]
[BlackElo "1783"]
[PlyCount "51"]
[EventDate "2010.06.28"]
[EventType "swiss"]
[EventRounds "9"]
[EventCountry "ESP"]
[Source "lmi"]
[SourceDate "2010.06.28"]

1. e4 c6 2. c4 d5 3. cxd5 cxd5 4. exd5 Qxd5 5. Nc3 Qd8 6. d4 Nf6 7. Nf3 Bg4 8.
Be3 e6 9. Qa4+ Nbd7 10. Ne5 Be7 11. Bg5 O-O 12. Bb5 Nb6 13. Qb3 Qxd4 14. Bxf6
Bxf6 15. Nxg4 Qxg4 16. O-O Rac8 17. Be2 Qf5 18. Bf3 Bxc3 19. bxc3 Rb8 20. Rad1
Qc5 21. Qb4 Rfc8 22. Rd8+ Rxd8 23. Qxc5 Rdc8 24. Qe3 Nc4 25. Qc1 b6 26. Rd1 1-0

[Event "13. Open Club Ajedrez Villaverde"]
[Site "Madrid ESP"]
[Date "2010.07.03"]
[Round "6.1"]
[White "Ramirez Garcia, Jorge Alberto"]
[Black "Moreno Ruiz, Javier"]
[Result "0-1"]
[WhiteElo "2217"]
[BlackElo "2485"]
[PlyCount "106"]
[EventDate "2010.06.28"]
[EventType "swiss"]
[EventRounds "9"]
[EventCountry "ESP"]
[Source "lmi"]
[SourceDate "2010.06.28"]

1. e4 d6 2. d4 Nf6 3. Nc3 e5 4. dxe5 dxe5 5. Qxd8+ Kxd8 6. Bc4 Bb4 7. Bd2 Ke7
8. f3 c6 9. a4 a5 10. Nge2 Nbd7 11. Nd1 Bxd2+ 12. Kxd2 Nb6 13. Bb3 Nfd7 14. c3
Nc5 15. Nc1 Rd8+ 16. Kc2 f5 17. Nf2 Nxb3 18. Nxb3 Nc4 19. Rhe1 f4 20. Nd1 Be6
21. Re2 b6 22. Nc1 Rd7 23. b3 Rad8 24. bxc4 Rxd1 25. c5 Bc4 26. Rf2 bxc5 27.
Rb1 Rh1 28. Rb7+ Kf8 29. Nb3 Bxb3+ 30. Rxb3 Rxh2 31. Rb6 h5 32. Rxc6 h4 33. Kb3
h3 34. Rg6 Kf7 35. Rg4 Rd1 36. Kc4 Rxg2 37. Rgxg2 hxg2 38. Rxg2 Kf6 39. Rh2 Rf1
40. Rh3 Rg1 41. Rh2 Rg3 42. Rf2 g5 43. Kxc5 g4 44. fxg4 Rxc3+ 45. Kb5 Kg5 46.
Kxa5 Kxg4 47. Kb6 Ra3 48. a5 f3 49. Rh2 Kg3 50. Rh5 f2 51. Rg5+ Kh2 52. Rf5 Kg2
53. Rg5+ Rg3 0-1

[Event "13. Open Club Ajedrez Villaverde"]
[Site "Madrid ESP"]
[Date "2010.07.03"]
[Round "6.3"]
[White "Longa Yauca, Javier"]
[Black "Iagar, Razvan-Gabriel"]
[Result "1-0"]
[WhiteElo "2285"]
[BlackElo "2078"]
[PlyCount "59"]
[EventDate "2010.06.28"]
[EventType "swiss"]
[EventRounds "9"]
[EventCountry "ESP"]
[Source "lmi"]
[SourceDate "2010.06.28"]

1. d4 f5 2. Nc3 Nf6 3. e4 fxe4 4. Bg5 Nc6 5. d5 Ne5 6. Qd4 Nf7 7. h4 e5 8. dxe6
dxe6 9. Qxd8+ Nxd8 10. O-O-O Bd7 11. Nh3 Bc5 12. Be2 Bc6 13. Rhe1 Nf7 14. Bc4
Nd8 15. Bxf6 gxf6 16. Nxe4 Be7 17. Nf4 Bd7 18. Nh5 Bc6 19. Nhxf6+ Kf7 20. Ng4
Bxh4 21. Ne5+ Ke7 22. Nxc6+ Nxc6 23. g3 Ne5 24. Bb3 Bf6 25. Nxf6 Kxf6 26. f4
Nf3 27. Rxe6+ Kf5 28. Re3 Kg4 29. Be6+ Kxg3 30. Rf1 1-0

[Event "13. Open Club Ajedrez Villaverde"]
[Site "Madrid ESP"]
[Date "2010.07.03"]
[Round "6.4"]
[White "Gemy, Jose Daniel"]
[Black "Beltran De Heredia E., Miguel"]
[Result "1-0"]
[WhiteElo "2271"]
[BlackElo "2078"]
[PlyCount "107"]
[EventDate "2010.06.28"]
[EventType "swiss"]
[EventRounds "9"]
[EventCountry "ESP"]
[Source "lmi"]
[SourceDate "2010.06.28"]

1. Nf3 Nf6 2. g3 g6 3. Bg2 Bg7 4. O-O O-O 5. d4 d6 6. Nbd2 Nbd7 7. e4 e5 8. Re1
Re8 9. a4 a5 10. dxe5 dxe5 11. Nc4 Nc5 12. Qxd8 Rxd8 13. Nfxe5 Be6 14. f3 Nfd7
15. Nxd7 Rxd7 16. Bf1 Rd4 17. Be3 Bxc4 18. c3 Nd3 19. Bxd4 Nxe1 20. Rxe1 Bb3
21. Ra1 Rd8 22. e5 c5 23. Bxc5 Bxe5 24. Be3 Kg7 25. Bb5 Bf6 26. f4 h5 27. Kf2
Be6 28. h4 Bb3 29. Re1 Be6 30. Re2 Rd1 31. Rd2 Rh1 32. Bf1 Rh2+ 33. Bg2 Bh3 34.
Kg1 Rxg2+ 35. Rxg2 Bxg2 36. Kxg2 Bd8 37. Kf3 f5 38. Ke2 Kf6 39. Kd3 Ke6 40. Kc4
Kd6 41. Bc5+ Kc6 42. b4 axb4 43. cxb4 b6 44. Bf2 Bc7 45. Be3 Bd8 46. Bd4 Bc7
47. b5+ Kd7 48. Kd5 Bd8 49. Bb2 Be7 50. Bc3 Bc5 51. a5 Bf2 52. a6 Kc8 53. Be5
Bxg3 54. Kc6 1-0

[Event "13. Open Club Ajedrez Villaverde"]
[Site "Madrid ESP"]
[Date "2010.07.03"]
[Round "6.6"]
[White "Vazquez Gonzalez, Jesus"]
[Black "Baeza Escudero, Javier"]
[Result "0-1"]
[WhiteElo "2089"]
[BlackElo "1958"]
[PlyCount "60"]
[EventDate "2010.06.28"]
[EventType "swiss"]
[EventRounds "9"]
[EventCountry "ESP"]
[Source "lmi"]
[SourceDate "2010.06.28"]

1. e4 c5 2. Nf3 d6 3. d4 cxd4 4. Nxd4 Nf6 5. Nc3 a6 6. Be2 e5 7. Nb3 Be6 8. Be3
Be7 9. Nd5 Nbd7 10. f3 Bxd5 11. exd5 Nb6 12. c4 a5 13. a4 O-O 14. O-O Nfd7 15.
Qd2 Nc8 16. f4 exf4 17. Bxf4 Qb6+ 18. Qe3 Re8 19. Nd4 Nf6 20. Kh1 Bf8 21. Qd3
Ne7 22. Ra3 Ng6 23. Rb3 Nxf4 24. Rxf4 Qc7 25. Qf5 Re5 26. Qh3 Rae8 27. Kg1 Ne4
28. Bd3 g6 29. Nb5 Qe7 30. Qe3 Nc5 0-1

[Event "13. Open Club Ajedrez Villaverde"]
[Site "Madrid ESP"]
[Date "2010.07.03"]
[Round "6.7"]
[White "Cabañas Bravo, Juan Andres"]
[Black "Martinez Peiro, Gabriel"]
[Result "1/2-1/2"]
[WhiteElo "2057"]
[BlackElo "2058"]
[PlyCount "73"]
[EventDate "2010.06.28"]
[EventType "swiss"]
[EventRounds "9"]
[EventCountry "ESP"]
[Source "lmi"]
[SourceDate "2010.06.28"]

1. e4 c6 2. d4 d5 3. f3 e6 4. Nc3 Nf6 5. e5 Nfd7 6. Nce2 b6 7. f4 Ba6 8. Nf3
Be7 9. c3 c5 10. Be3 Nc6 11. h4 Rc8 12. g4 cxd4 13. Bxd4 h5 14. gxh5 Nc5 15.
Ng3 Nxd4 16. Qxd4 Bxf1 17. Kxf1 Qd7 18. b3 Qb5+ 19. Kg2 Qc6 20. Rhe1 Ne4 21.
Nxe4 dxe4 22. Qxe4 Qxe4 23. Rxe4 Rxc3 24. Kg3 Rxh5 25. Kg4 g6 26. Ra4 a5 27.
Rc4 Rxc4 28. bxc4 Kd7 29. Rd1+ Kc6 30. Rd2 Rh8 31. Ng5 Bxg5 32. Kxg5 Rh5+ 33.
Kg4 Kc5 34. Rd7 Rf5 35. Rd6 Rh5 36. Rd7 Rf5 37. Rd6 1/2-1/2

[Event "13. Open Club Ajedrez Villaverde"]
[Site "Madrid ESP"]
[Date "2010.07.03"]
[Round "6.8"]
[White "Argente Rodriguez, Juan Jose"]
[Black "Aguado Solana, Juan"]
[Result "1-0"]
[WhiteElo "2128"]
[BlackElo "2038"]
[PlyCount "61"]
[EventDate "2010.06.28"]
[EventType "swiss"]
[EventRounds "9"]
[EventCountry "ESP"]
[Source "lmi"]
[SourceDate "2010.06.28"]

1. c4 Nf6 2. g3 e5 3. Bg2 d5 4. cxd5 Nxd5 5. Nf3 Nc6 6. O-O Be6 7. d3 Be7 8.
Nbd2 O-O 9. a3 f6 10. h4 Qd7 11. Re1 b5 12. Qc2 a5 13. Ne4 Bf7 14. Bd2 b4 15.
Nc5 Qd6 16. Rac1 Na7 17. d4 Rab8 18. e4 Nb6 19. dxe5 fxe5 20. axb4 Nc4 21. Red1
Qc6 22. Nd3 Rfd8 23. bxa5 Qb5 24. Bc3 Nc6 25. Bf1 Bf6 26. Ndxe5 Rxd1 27. Rxd1
Bxe5 28. Nxe5 N6xe5 29. Bxe5 Qxe5 30. Bxc4 Rxb2 31. Rd8+ 1-0

[Event "13. Open Club Ajedrez Villaverde"]
[Site "Madrid ESP"]
[Date "2010.07.03"]
[Round "6.9"]
[White "Martin Espeja, Jorge J"]
[Black "Lopez-Andujar Ocaña, Antonio"]
[Result "0-1"]
[WhiteElo "1881"]
[BlackElo "2118"]
[PlyCount "84"]
[EventDate "2010.06.28"]
[EventType "swiss"]
[EventRounds "9"]
[EventCountry "ESP"]
[Source "lmi"]
[SourceDate "2010.06.28"]

1. e4 e5 2. Nf3 Nc6 3. Bb5 a6 4. Ba4 Nf6 5. d3 b5 6. Bb3 Be7 7. c3 d6 8. Nbd2
Na5 9. Bc2 c5 10. Nf1 O-O 11. Ng3 Re8 12. O-O Bf8 13. h3 Nc6 14. Nh2 d5 15. Bg5
Be7 16. Qf3 Be6 17. Nf5 Bxf5 18. Qxf5 dxe4 19. dxe4 Qc8 20. Qf3 Qe6 21. Bxf6
Bxf6 22. Ng4 Bg5 23. Ne3 Bxe3 24. Qxe3 c4 25. Rad1 Rad8 26. Qb6 Nd4 27. Qxe6
Nxe6 28. g3 Kf8 29. f3 Ke7 30. Kf2 Rxd1 31. Rxd1 Rd8 32. Ke3 Rxd1 33. Bxd1 Kd6
34. f4 f6 35. b3 cxb3 36. axb3 a5 37. h4 Kc5 38. Bg4 Nc7 39. Kd3 Na6 40. Bc8
Nb8 41. Bf5 b4 42. Bxh7 Nc6 0-1

[Event "13. Open Club Ajedrez Villaverde"]
[Site "Madrid ESP"]
[Date "2010.07.03"]
[Round "6.11"]
[White "Cuadrado Lopez, Francisco Javier"]
[Black "Rodriguez Diaz, Alberto Jose"]
[Result "1/2-1/2"]
[WhiteElo "1951"]
[BlackElo "1955"]
[PlyCount "56"]
[EventDate "2010.06.28"]
[EventType "swiss"]
[EventRounds "9"]
[EventCountry "ESP"]
[Source "lmi"]
[SourceDate "2010.06.28"]

1. e4 e5 2. Nf3 Nf6 3. Nxe5 d6 4. Nf3 Nxe4 5. d4 Be7 6. Bd3 Ng5 7. Nxg5 Bxg5 8.
O-O Bxc1 9. Re1+ Kf8 10. Qxc1 Qf6 11. Qe3 Bd7 12. Nd2 Nc6 13. c3 d5 14. Qg3 Rc8
15. Re3 g6 16. Rae1 Kg7 17. b4 Rhe8 18. Nb3 b6 19. Ba6 Rxe3 20. fxe3 Re8 21.
Qxc7 Qh4 22. Rf1 Re7 23. Nd2 Nxd4 24. cxd4 Bb5 25. Qf4 Qxf4 26. Rxf4 Bxa6 27.
Kf2 Rc7 28. e4 Rc2 1/2-1/2

[Event "13. Open Club Ajedrez Villaverde"]
[Site "Madrid ESP"]
[Date "2010.07.03"]
[Round "6.12"]
[White "Caballero Gallego, Luis"]
[Black "Vidaurre, Luis"]
[Result "1/2-1/2"]
[WhiteElo "1933"]
[BlackElo "1934"]
[PlyCount "92"]
[EventDate "2010.06.28"]
[EventType "swiss"]
[EventRounds "9"]
[EventCountry "ESP"]
[Source "lmi"]
[SourceDate "2010.06.28"]

1. e4 c5 2. c3 e6 3. Nf3 Nc6 4. d4 d5 5. e5 Nge7 6. Be2 Bd7 7. O-O Nf5 8. Na3
a6 9. Nc2 Rc8 10. a3 b5 11. b4 cxd4 12. cxd4 Be7 13. Bf4 g5 14. Be3 f6 15. g4
Nh6 16. h3 Nf7 17. exf6 Bxf6 18. Rc1 h5 19. Nfe1 hxg4 20. Bxg4 e5 21. dxe5
Nfxe5 22. Bh5+ Nf7 23. Ng2 Bxh3 24. Re1 Kf8 25. Bc5+ Kg7 26. Qf3 Qd7 27. Nge3
Nce5 28. Qd1 Be6 29. Nd4 Rcd8 30. Be2 Rb8 31. Qc2 Rbe8 32. Nxe6+ Qxe6 33. Nf5+
Kg8 34. Bg4 Qc6 35. Bd1 d4 36. Qe4 Qxe4 37. Rxe4 d3 38. Bb3 Nf3+ 39. Kg2 Rxe4
40. Bxf7+ Kxf7 41. Nd6+ Ke6 42. Nxe4 g4 43. Be3 Rh2+ 44. Kg3 Bh4+ 45. Kxg4 Ne5+
46. Kf4 Ng6+ 1/2-1/2

[Event "13. Open Club Ajedrez Villaverde"]
[Site "Madrid ESP"]
[Date "2010.07.03"]
[Round "6.13"]
[White "Garcia-Ines Sanchez, Gustavo"]
[Black "Lozano Sanchez, Jose Antonio"]
[Result "0-1"]
[WhiteElo "1704"]
[BlackElo "1917"]
[PlyCount "64"]
[EventDate "2010.06.28"]
[EventType "swiss"]
[EventRounds "9"]
[EventCountry "ESP"]
[Source "lmi"]
[SourceDate "2010.06.28"]

1. e4 e5 2. Nf3 Nc6 3. Bb5 d6 4. O-O a6 5. Bxc6+ bxc6 6. c3 f5 7. exf5 Bxf5 8.
d4 e4 9. Re1 d5 10. Qa4 Qd6 11. Ne5 Bd7 12. Bf4 c5 13. Nxd7 Qxd7 14. Qxd7+ Kxd7
15. Nd2 Nf6 16. Rac1 c4 17. b3 Nh5 18. Be5 cxb3 19. axb3 Bd6 20. Bxd6 Kxd6 21.
c4 Nf4 22. cxd5 Nd3 23. Nxe4+ Kxd5 24. Nc3+ Kc6 25. d5+ Kd7 26. Na4 Nxe1 27.
Rxe1 Rhe8 28. Re3 Rxe3 29. fxe3 Kd6 30. e4 Rb8 31. b4 Rxb4 32. Nc3 Rc4 0-1

[Event "13. Open Club Ajedrez Villaverde"]
[Site "Madrid ESP"]
[Date "2010.07.03"]
[Round "6.14"]
[White "Cortijo Manso, Luis"]
[Black "Tevar Sanz, Gonzalo"]
[Result "0-1"]
[WhiteElo "1586"]
[BlackElo "1887"]
[PlyCount "88"]
[EventDate "2010.06.28"]
[EventType "swiss"]
[EventRounds "9"]
[EventCountry "ESP"]
[Source "lmi"]
[SourceDate "2010.06.28"]

1. e4 e6 2. d4 d5 3. exd5 exd5 4. Bd3 Nf6 5. Ne2 c5 6. dxc5 Bxc5 7. Bg5 Qb6 8.
O-O Ng4 9. Qe1 Qxb2 10. Nbc3 Nxf2 11. Bb5+ Nc6 12. Bxc6+ bxc6 13. Nd4+ Ne4 14.
Nxe4 Qxd4+ 15. Nf2+ Be6 16. Kh1 O-O 17. c3 Qc4 18. Nd1 Rfe8 19. Nb2 Qg4 20. Qh4
Qxh4 21. Bxh4 Rab8 22. Nd3 Bd6 23. Bf2 Rb7 24. a4 Reb8 25. a5 a6 26. Bb6 g6 27.
h4 h5 28. Rg1 Bf5 29. Nf2 Bg3 30. Nd1 Bxh4 31. Ne3 Be4 32. Kh2 Bf2 33. Rgf1
Bxe3 34. Bxe3 Rb2 35. Rg1 Rc2 36. Bd4 Rbb2 37. Kg3 Rxg2+ 38. Rxg2 Rxg2+ 39. Kf4
h4 40. c4 h3 41. cxd5 cxd5 42. Rb1 f5 43. Rb8+ Kf7 44. Rh8 h2 0-1

[Event "13. Open Club Ajedrez Villaverde"]
[Site "Madrid ESP"]
[Date "2010.07.03"]
[Round "6.15"]
[White "Illan Gomez, Miguel"]
[Black "Martinez Miura, Enrique"]
[Result "1/2-1/2"]
[WhiteElo "1798"]
[BlackElo "1727"]
[PlyCount "86"]
[EventDate "2010.06.28"]
[EventType "swiss"]
[EventRounds "9"]
[EventCountry "ESP"]
[Source "lmi"]
[SourceDate "2010.06.28"]

1. e4 e6 2. f4 d5 3. exd5 exd5 4. d4 Nf6 5. Nf3 Be7 6. Bd3 O-O 7. O-O c5 8. c3
Nc6 9. h3 cxd4 10. cxd4 Nb4 11. a3 Nxd3 12. Qxd3 Ne4 13. Nc3 Ng3 14. Re1 Bf5
15. Qb5 Re8 16. Qxd5 Qc7 17. Qb3 Bd6 18. Ne5 Bxe5 19. fxe5 Qd7 20. Kh2 Nh5 21.
Be3 Rac8 22. Qd1 f6 23. Qxh5 Bg6 24. Qh4 fxe5 25. dxe5 Rxe5 26. Rad1 Qe6 27.
Rd8+ Rxd8 28. Qxd8+ Be8 29. Qd2 h6 30. Bf2 Bc6 31. Rxe5 Qxe5+ 32. Bg3 Qf6 33.
Ne2 Qf1 34. Nd4 Bd5 35. Nc2 Bc6 36. Ne3 Qf6 37. b4 a6 38. Nc4 Qa1 39. Qb2 Qf1
40. Be5 Qxc4 41. Bxg7 Qf4+ 42. Kg1 Qe3+ 43. Kh2 Qf4+ 1/2-1/2

[Event "13. Open Club Ajedrez Villaverde"]
[Site "Madrid ESP"]
[Date "2010.07.03"]
[Round "6.16"]
[White "De La Orden Alcocer, Alejandro"]
[Black "Tevar Becerra, Alvaro"]
[Result "1-0"]
[WhiteElo "1795"]
[BlackElo "1419"]
[PlyCount "97"]
[EventDate "2010.06.28"]
[EventType "swiss"]
[EventRounds "9"]
[EventCountry "ESP"]
[Source "lmi"]
[SourceDate "2010.06.28"]

1. c4 e5 2. Nc3 Nf6 3. g3 Bb4 4. Qc2 O-O 5. Bg2 Nc6 6. Nf3 d6 7. O-O Be6 8. d3
h6 9. a3 Ba5 10. b4 Bb6 11. Bb2 Bd4 12. b5 Ne7 13. Nxd4 exd4 14. Nb1 d5 15.
Bxd4 Nf5 16. Bb2 dxc4 17. dxc4 Re8 18. e3 Nd6 19. Nd2 Qe7 20. a4 Bf5 21. Qc3
Nde4 22. Nxe4 Bxe4 23. Bxe4 Qxe4 24. Rad1 Re7 25. Rd4 Qe6 26. Rfd1 a6 27. Rd8+
Rxd8 28. Rxd8+ Re8 29. Rxe8+ Qxe8 30. Qe5 Qd7 31. Bd4 Ne8 32. Kg2 f6 33. Qc5
Nd6 34. Qd5+ Qf7 35. Qxf7+ Kxf7 36. c5 Ne4 37. f3 Ng5 38. h4 Ne6 39. Kf2 c6 40.
bxa6 bxa6 41. Ke2 g6 42. Kd3 f5 43. Kc4 Ke7 44. Kb4 Kd7 45. Ka5 Nc7 46. Kb6 Kc8
47. Kxc6 h5 48. Kb6 Kb8 49. Be5 1-0

[Event "13. Open Club Ajedrez Villaverde"]
[Site "Madrid ESP"]
[Date "2010.07.03"]
[Round "6.17"]
[White "Fariñas Lucas, Juan Antonio"]
[Black "Sanchez Tapia, Luis G"]
[Result "0-1"]
[WhiteElo "1698"]
[BlackElo "1609"]
[PlyCount "40"]
[EventDate "2010.06.28"]
[EventType "swiss"]
[EventRounds "9"]
[EventCountry "ESP"]
[Source "lmi"]
[SourceDate "2010.06.28"]

1. e4 c6 2. Bc4 d5 3. exd5 cxd5 4. Bb5+ Nc6 5. h3 e5 6. Nf3 Bd6 7. Qe2 Qc7 8.
d4 e4 9. Nc3 Nge7 10. Ng5 h6 11. Nxf7 Kxf7 12. Be3 Be6 13. O-O-O Rhf8 14. f3
exf3 15. gxf3 Nf5 16. Kb1 Ng3 17. Qg2 Nxh1 18. Rxh1 Bf4 19. Rg1 g5 20. h4 Bxe3
0-1

[Event "13. Open Club Ajedrez Villaverde"]
[Site "Madrid ESP"]
[Date "2010.07.03"]
[Round "6.18"]
[White "Takvor Mena, Samuel"]
[Black "Garcia Hernandez, Javier"]
[Result "0-1"]
[WhiteElo "1647"]
[BlackElo "1660"]
[PlyCount "98"]
[EventDate "2010.06.28"]
[EventType "swiss"]
[EventRounds "9"]
[EventCountry "ESP"]
[Source "lmi"]
[SourceDate "2010.06.28"]

1. e4 e6 2. d4 d5 3. exd5 exd5 4. c4 Bb4+ 5. Nc3 Qe7+ 6. Be3 dxc4 7. Bxc4 c6 8.
Nf3 Nf6 9. O-O O-O 10. a3 Ba5 11. b4 Bc7 12. h3 Be6 13. Bd3 h6 14. Qc2 Nbd7 15.
Rad1 Nb6 16. Rfe1 Nfd5 17. Nxd5 Nxd5 18. Qd2 a5 19. b5 cxb5 20. Bxb5 Qxa3 21.
Ra1 Qb4 22. Qd3 Nc3 23. Bd2 Qxb5 24. Qxc3 Rfc8 25. Qa3 Qd5 26. Be3 Bxh3 27.
Bxh6 Bd6 28. Qd3 Bf5 29. Qe3 gxh6 30. Qxh6 Bg6 31. Nh4 Qh5 32. Qxh5 Bxh5 33.
Nf5 Bb4 34. Re3 Re8 35. Rg3+ Bg6 36. d5 Rad8 37. Rd1 Re5 38. Ne3 Kf8 39. f4
Rxe3 40. Rxe3 Bc5 41. Kf2 Re8 42. Rde1 Rxe3 43. d6 Rxe1+ 44. Kxe1 Ke8 45. g4
Bxd6 46. f5 b5 47. fxg6 fxg6 48. Kd2 Ke7 49. Kc3 Kf6 0-1

[Event "13. Open Club Ajedrez Villaverde"]
[Site "Madrid ESP"]
[Date "2010.07.03"]
[Round "6.19"]
[White "Alvarez Romero, Carlos"]
[Black "Garcia Alonso, David"]
[Result "1-0"]
[WhiteElo "1780"]
[BlackElo "1468"]
[PlyCount "91"]
[EventDate "2010.06.28"]
[EventType "swiss"]
[EventRounds "9"]
[EventCountry "ESP"]
[Source "lmi"]
[SourceDate "2010.06.28"]

1. e4 c5 2. Nf3 d6 3. Nc3 a6 4. d4 cxd4 5. Nxd4 Nf6 6. Bd3 e5 7. Nb3 Be6 8. Qe2
Nbd7 9. Be3 Be7 10. f3 b5 11. a3 O-O 12. Bg5 Rc8 13. g4 Qc7 14. Bh4 Nb6 15. Nd1
d5 16. Nd2 dxe4 17. Nxe4 Nbd5 18. Bg3 Nf4 19. Bxf4 exf4 20. Ndc3 Rfd8 21. O-O
Nd5 22. Nxd5 Bxd5 23. Rfe1 Bc4 24. Bxc4 Qxc4 25. Qxc4 Rxc4 26. Nc3 Bf6 27. Rad1
Rxd1 28. Nxd1 h6 29. c3 Rc8 30. Nf2 Bh4 31. Re4 g5 32. Rd4 Bxf2+ 33. Kxf2 Kg7
34. Rd6 a5 35. Rd5 b4 36. axb4 axb4 37. Rd3 Rc4 38. Rd4 Rxd4 39. cxd4 Kf6 40.
Ke2 Ke6 41. Kd3 Kd5 42. b3 f6 43. h3 Ke6 44. Kc4 Kd6 45. Kxb4 Kd5 46. Kc3 1-0

[Event "13. Open Club Ajedrez Villaverde"]
[Site "Madrid ESP"]
[Date "2010.07.04"]
[Round "7.2"]
[White "Cortes Jurado, Rafael"]
[Black "Longa Yauca, Javier"]
[Result "0-1"]
[WhiteElo "2076"]
[BlackElo "2285"]
[PlyCount "114"]
[EventDate "2010.06.28"]
[EventType "swiss"]
[EventRounds "9"]
[EventCountry "ESP"]
[Source "lmi"]
[SourceDate "2010.06.28"]

1. d4 Nf6 2. c4 d6 3. Nc3 c6 4. Nf3 Nbd7 5. e4 e5 6. Be2 a5 7. O-O Be7 8. h3
O-O 9. Be3 Re8 10. Qc2 Bf8 11. Rad1 Qc7 12. Nh2 g6 13. Kh1 Bg7 14. f4 exd4 15.
Bxd4 Qb8 16. Bf3 Re7 17. Qd2 Ne8 18. Bxg7 Kxg7 19. Ng4 h5 20. Ne3 Qa7 21. Bxh5
gxh5 22. Nf5+ Kf8 23. Nxe7 Kxe7 24. e5 Nc5 25. exd6+ Kd8 26. Qe1 b6 27. Qh4+ f6
28. Rfe1 Qf7 29. Re7 Qg6 30. Qe1 Bf5 31. Na4 Be4 32. Rxe4 Qxe4 33. Qh4 Nd3 34.
d7 Nd6 35. Qxf6+ Kc7 36. Nc3 Qxc4 37. Qe7 Rd8 38. Qe3 Nc5 39. Qe5 Rxd7 40. Qxh5
Qxf4 41. Qh8 Nd3 42. Kg1 Nxb2 43. Nd5+ cxd5 44. Qxb2 Nc4 45. Qb5 Qe3+ 46. Kh1
Qe2 47. Rc1 Qd2 48. Rf1 Ne3 49. Rg1 Rg7 50. Qe8 Rxg2 51. Qe7+ Kc6 52. Qe6+ Kc5
53. Qe7+ Kc4 54. Qc7+ Kd3 55. Qh7+ Kd4 56. Qh8+ Kc4 57. Qh4+ d4 0-1

[Event "13. Open Club Ajedrez Villaverde"]
[Site "Madrid ESP"]
[Date "2010.07.04"]
[Round "7.6"]
[White "Lopez-Andujar Ocaña, Antonio"]
[Black "Arjona Martinez, Santiago"]
[Result "0-1"]
[WhiteElo "2118"]
[BlackElo "2022"]
[PlyCount "96"]
[EventDate "2010.06.28"]
[EventType "swiss"]
[EventRounds "9"]
[EventCountry "ESP"]
[Source "lmi"]
[SourceDate "2010.06.28"]

1. e4 c5 2. Nc3 d6 3. g3 Nc6 4. Bg2 g6 5. d3 Bg7 6. f4 Nd4 7. Nf3 e6 8. O-O Ne7
9. Ne2 O-O 10. c3 Nxe2+ 11. Qxe2 b5 12. Be3 b4 13. c4 Bb7 14. Rad1 Qc7 15. Kh1
Rac8 16. Bg1 a5 17. Qc2 Nc6 18. b3 Nd4 19. Nxd4 Bxd4 20. Bxd4 cxd4 21. Qf2 Qc5
22. f5 Qe5 23. f6 h6 24. Qd2 Qg5 25. Rf4 e5 26. Rh4 Qxd2 27. Rxd2 Kh7 28. Rf2
Ra8 29. Bh3 Bc8 30. Bf5 gxf5 31. exf5 Rg8 32. g4 Rg5 33. Kg1 Bb7 34. Kf1 Rag8
35. h3 Re8 36. a3 e4 37. dxe4 Rxe4 38. axb4 axb4 39. Rd2 Rg8 40. Rh5 Rg5 41.
Rh4 Rg8 42. Rh5 d5 43. c5 Ba6+ 44. Kf2 d3 45. Ra2 Re2+ 46. Rxe2 dxe2 47. c6 Re8
48. Ke1 Rc8 0-1

[Event "13. Open Club Ajedrez Villaverde"]
[Site "Madrid ESP"]
[Date "2010.07.04"]
[Round "7.7"]
[White "Sanchez Millan, Eduardo"]
[Black "Aziz Ortego, Omar Luis"]
[Result "1-0"]
[WhiteElo "1976"]
[BlackElo "2091"]
[PlyCount "61"]
[EventDate "2010.06.28"]
[EventType "swiss"]
[EventRounds "9"]
[EventCountry "ESP"]
[Source "lmi"]
[SourceDate "2010.06.28"]

1. c4 Nf6 2. Nc3 g6 3. d4 Bg7 4. e4 d6 5. f3 Nc6 6. Be3 e5 7. d5 Ne7 8. Qd2
Nfg8 9. g4 f5 10. gxf5 gxf5 11. O-O-O f4 12. Bf2 Nf6 13. Kb1 O-O 14. Nh3 h6 15.
Rg1 Kh7 16. Bh4 a6 17. Ne2 Qe8 18. Nexf4 exf4 19. Nxf4 Qf7 20. Bd3 Kh8 21. Rg3
Bd7 22. Rdg1 Rg8 23. Ng6+ Nxg6 24. Rxg6 Raf8 25. e5 Nh7 26. e6 Qxf3 27. exd7
Ng5 28. Rg3 Qf4 29. Bxg5 hxg5 30. R6xg5 Qh4 31. Qg2 1-0